000 00707nam a22001937a 4500
005 20241217102043.0
008 240126b ||||| |||| 00| 0 eng d
020 _a9789391771102
082 _aDC 658.3 B545 2022
100 _aBiswas, Debasish.
_950839
245 _aOrganizational behaviour /
_cDebasish Biswa, Nirmal Chandra Roy, and Amrita Chatterjee.
260 _aNew Delhi :
_bCrescent Publishing Corporation,
_c©2022.
300 _axxiii, 328 pages :
_billustrations ;
_c22 cm.
500 _aIncludes glossary and bibliography.
650 _aOrganizational behavior.
_951628
700 _aRoy, Nirmal Chandra.
_eauthor.
_950840
700 _aChatterjee, Amrita.
_eauthor.
_950841
942 _2ddc
_cDC
999 _c18778
_d18778